000
00335nam a22001457a 4500
008
221107b ||||| |||| 00| 0 eng d
020
_a
2740362285315
041
_a
eng
080
_2
SECOND EDITION
_a
610.73
082
_a
610.73JOE
100
_a
8
101
_a
INF
245
_a
ADVANCED PRACTICE NURSING
_c
JOEL L
942
_2
udc
_c
BK
999
_c
58772
_d
58772